000 00786nam a2200265 a 4500
008
020 _a071313464X (pbk.)
049 _aMAIN
090 _aQD501
_bBIR
100 1 _aBirks, N.
245 1 0 _aIntroduction to high temperature oxidation of metals /
_cN. Birks and G. H. Meier.
260 _aLondon :
_bEdward Arnold,
_c1983.
300 _avii, 198 p. :
_bill. ;
_c24 cm.
504 _aIncludes bibliographical references.
500 _aIncludes index.
650 0 _aOxidation.
650 0 _aMetallic oxides.
650 0 _aMetals
_xEffect of high temperatures on.
700 1 _aMeier, G.H.
907 _a.b10121419
_b09-04-13
_c11-05-04
003
005 20230123133713.0
040 _cNUST
942 _cBOOKS
_kQD501
_mBIR
999 _c153178
_d153178